How to fight the drug war

Guardat en:
Dades bibliogràfiques
Autor principal: Gorriti, Gustavo A.
Format: Text
Publicat: s.l.: s.e.
Etiquetes: Afegir etiqueta
Sense etiquetes, Sigues el primer a etiquetar aquest registre!

MARC

LEADER 00000 a a2200000 04500
001 23994
003
040
090 |a 170200  
100 |a Gorriti, Gustavo A.  
245 |a How to fight the drug war  
260 |a s.l.:   |b s.e.  
300 |a pp. 70-76  
999 |c 9703  |d 9703